00879 2200289 4500001002100000005001500021035002000036007000300056008004100059020002200100082001700122084001900139100003200158245008000190250003600270300003700306650003400343264003800377336002100415337003000436338002300466040002200489090002200511850001200533999002200545990002200567INLIS00000000086774820220209094507 a0010-0222000215ta220209s2018 yoia g | ind d a978-602-52735-8-204223a658.1511 a658.1511 CHA s0 aChaidir IswanajiePengarang10aSistem akuntansi :bdilengkapi dengan soal-soal latihan /cChaidir Iswanaji aCetakan pertama, September 2018 ax, 123 halaman :btabel ;c24 cm 4aSistem informasi--xAkuntansi31aYogyakarta :bAnom Pustaka,c2018 2rdacontentateks 2rdamediaatanpa perantara 2rdacarrieravolume aYOPDYOGbinderda aCB-D.11 2018-3855 aYOPDYOG aCB-D.11/2018-3855 aCB-D.11/2018-3855